Szczegóły MARC21

Classic Drucker /

003 -Nazwa inst., której nr kontr. jest w polu 001 [,]
    • @
    • Nazwa instytucji, której n kontrolny jest w polu 001
    • NUKAT
005 -DATA I CZAS OSTATNIEJ MODYFIKACJI [,]
    • @
    • pole kontrolne
    • 20241231101429.0
020 -Międzynarod. znormalizowany nr książki - ISBN [ , ]
    • a
    • Numer ISBN
    • 9788362195848 Find
040 -Instytucja sporządzająca opis [ , ]
    • a
    • Instytucja, która sporządziła opis (NP)
    • WR U/as
    • c
    • Instytucja, która sporządziła rekord (NP)
    • WR U/as
    • d
    • Instytucja, która zmodyfikowała rekord (P)
    • WR U/hb
    • d
    • Instytucja, która zmodyfikowała rekord (P)
    • WR U/bks
041 -Język dokumentu [1, ]
    • a
    • Język tekstu (P)
    • polski
    • h
    • Język tekstu oryginalnego i/lub pośredniego (P)
    • angielski
942 -Rodzaj dokumentu [ , ]
    • c
    • Rodzaj dokumentu
    • Książka
100 -Hasło główne - nazwa osobowa [1, ]
    • a
    • Nazwa osobowa (NP)
    • Drucker, Peter Ferdinand
    • d
    • Daty biograficzne (NP)
    • (1909-2005).
    • 9
    • KHW
    • 20272
240 -Tytuł ujednolicony [1,0]
    • a
    • Tytuł ujednolicony
    • Classic Drucker
    • l
    • Język tekstu
    • (pol.)
    • 9
    • KHW
    • 45177
245 -Strefa tytułu i oznaczenia odpowiedzialności [1,0]
    • a
    • Tytuł
    • Classic Drucker / Find
    • c
    • Pozostałe elementy strefy tytułu i oznaczenia odpowiedzialności (NP)
    • Peter F. Drucker ; przekł. Anita Doroba.
260 -Strefa adresu wydawniczego [ , ]
    • a
    • Miejsce wydania (P)
    • Warszawa :
    • b
    • Nazwa wydawcy (P)
    • MT Biznes,
    • c
    • Data wydania (P)
    • cop. 2010.
300 -Strefa opisu fizycznego [ , ]
    • a
    • Określenie formy książki i/lub objętość (NP)
    • 318 s. ;
    • c
    • Format (NP)
    • 24 cm.
336 -Typ zawartości [ , ]
    • a
    • Termin opisujący typ zawartości
    • Tekst
    • b
    • Kod określający zawartość
    • txt
    • 2
    • Źródło (terminu i kodu)
    • rdacontent
337 -Typ mediów [ , ]
    • a
    • Tryb odtwarzania
    • Bez urządzenia pośredniczącego
    • b
    • Kod typu mediów
    • n
    • 2
    • Źródło (terminu i kodu)
    • rdamedia
338 -Typ/rodzaj nośnika [ , ]
    • a
    • Hasło opisujące typ nośnika
    • Wolumin
    • b
    • Kod typu nośnika
    • nc
    • 2
    • Źródło (terminu i kodu)
    • rdacarrier
490 -Strefa serii i książki wielotomowej - forma nie do wyszukiwania [1, ]
    • a
    • Tytuł (P)
    • Klasyka Zarządzania : złota kolekcja Find
830 -Hasło dodatkowe serii i opisu książki wielotomowej - tytuł ujednolicony/tytuł [ ,0]
    • a
    • Tytuł ujednolicony/tytuł (NP)
    • Klasyka Zarządzania - Wydawnictwo MT Biznes
    • 9
    • KHW
    • 40241
500 -Uwaga ogólna [ , ]
    • a
    • Uwaga ogólna (NP)
    • U dołu obwol.: "Klasyczne teksty Druckera z "Harvard Business Review".
504 -Uwaga dot. bibliogr. załącznikowej [ , ]
    • a
    • Uwaga dot. bibliografii załącznikowej
    • Indeks.
080 -Uniwersalna Klasyfikacja Dziesiętna [ , ]
    • 2
    • Identyfikator wydania tablic
    • UDC-P058
    • 9
    • UKD
    • 2164
    • a
    • Symbol klasyfikacji
    • 005
    • b
    • Dopowiedzenie
    • Zarządzanie.
080 -Uniwersalna Klasyfikacja Dziesiętna [ , ]
    • 2
    • Identyfikator wydania tablic
    • UDC-P058
    • 9
    • UKD
    • 5600
    • a
    • Symbol klasyfikacji
    • 658
    • b
    • Dopowiedzenie
    • Zarządzanie biznesem. Organizacja przedsiębiorstwa. Organizacja i technika handlu.
080 -Uniwersalna Klasyfikacja Dziesiętna [ , ]
    • 2
    • Identyfikator wydania tablic
    • UDC-P058
    • 9
    • UKD
    • 2789
    • a
    • Symbol klasyfikacji
    • 316.344-057.17
    • b
    • Dopowiedzenie
    • Menedżerowie.
650 -Hasło przedmiotowe [ ,7]
    • a
    • Hasło przedmiotowe
    • Zarządzanie przedsiębiorstwem
    • x
    • Określnik rzeczowy
    • podejmowanie decyzji.
    • 2
    • Źródło terminu
    • kaba
    • 9
    • KHW
    • 356034
650 -Hasło przedmiotowe [ ,7]
    • a
    • Hasło przedmiotowe
    • Sukces w biznesie
    • v
    • Określnik formalny
    • poradniki.
    • 2
    • Źródło terminu
    • kaba
    • 9
    • KHW
    • 360295
650 -Hasło przedmiotowe [ ,7]
    • a
    • Hasło przedmiotowe
    • Podejmowanie decyzji.
    • 2
    • Źródło terminu
    • kaba
    • 9
    • KHW
    • 124241
650 -Hasło przedmiotowe [ ,7]
    • a
    • Hasło przedmiotowe
    • Kadry kierownicze
    • x
    • Określnik rzeczowy
    • zarządzanie.
    • 2
    • Źródło terminu
    • kaba
    • 9
    • KHW
    • 358888
650 -Hasło przedmiotowe [ ,7]
    • a
    • Hasło przedmiotowe
    • Uzdolnienia kierownicze.
    • 2
    • Źródło terminu
    • kaba
    • 9
    • KHW
    • 134848
980 -Symbol UKD [ , ]
    • a
    • UKD
    • 005:658:316.344-057.17
700 -Hasło dodatkowe - nazwa osobowa [1, ]
    • a
    • Nazwa osobowa (NP)
    • Doroba, Anita. Find
    • e
    • Określenie rodzaju współpracy
    • Tł.
    • 9
    • KHW
    • 41187
920 -ISBN [ , ]
    • a
    • ISBN
    • 978-83-62195-84-8 Find
Lokalizacja Data inwentaryzacji Obwoluta Status udost. Numer inwentarzowy
BE2014-01-221-2E.75023
BG2012-03-0511N.20462
T2013-12-051-2TM.9703
T2013-12-051-2T.13877
T2014-02-241-3TM.10588